| 000 | 01166nam0a22003011 4500 | ||
|---|---|---|---|
| 001 | v19\rc\2061697 | ||
| 005 | 20210414131311.0 | ||
| 035 | _a(NLR Aleph) 005138412 | ||
| 090 |
_a4778216 _c4778216 |
||
| 100 | _a20081111d1910 |||y0rusy50 ca | ||
| 101 | 1 |
_arus _cita |
|
| 102 | _aRU | ||
| 105 | _ay z ||||| | ||
| 200 | 1 |
_aМертвый город _eНовеллы _fПер. с итал. Ю. Балтрушайтиса и Н. Бронштейна |
|
| 205 | _a2-е изд. | ||
| 210 |
_aМосква _cВ.М. Саблин _d1910 |
||
| 215 |
_a[6], 224 с. _d19 |
||
| 225 | 1 |
_aПолное собрание сочинений _fГабриэле д'Аннунцио _vТ. 3 |
|
| 300 | _aПеред загл. авт.: Габриэле д’Аннунцио | ||
| 700 | 1 |
_aД'Аннунцио _bГ. _f1863-1938 _gГабриеле _3RU\NLR\AUTH\7751548 |
|
| 702 | 1 |
_aБалтрушайтис _bЮ. К. _f1873 -1944 _gЮргис Казимирович _3RU\NLR\AUTH\7710138 _4730 |
|
| 702 | 1 |
_aБронштейн _bН. И. _4730 |
|
| 801 | 0 |
_aRU _bNLR _gpsbo |
|
| 801 | 1 |
_aRU _bProSoft-M _2rusmarc |
|
| 852 |
_aNLR _jЛ60/Б-3/46-3 |
||
| 942 | _cBOOK | ||
| 980 | _aNB | ||